Gaming Quiz

Random Gaming Quiz

Capcom Cup Street Fighter Competitors Quiz Stats

 Plays Quiz not verified by Sporcle

Support Sporcle.
Go Orange.
Score 0/184 Timer 10:00
0 Plays Today
Year/Place Answer % Correct
2014/13thEG/Justin Wong
82.8%
2015/25thEG/Justin Wong
82.8%
2016/25thEG/Justin Wong
82.8%
2019/17thCYG BST/Daigo 'The Beast'
81.3%
2014/9thMCZ/Daigo Umehara
81%
2015/2ndMCZ/Daigo Umehara
81%
2016/13thBST/Daigo Umehara
81%
2017/7thCygames Beast/Daigo Umehara
81%
2017/17thEcho Fox/Justin Wong
81%
2018/5thEcho Fox/Justin Wong
81%
2018/25thCYG BST/Daigo 'The Beast'
81%
2013/5thMCZ/Tokido
75.9%
2015/9thMCZ/Tokido
75.9%
2019/17thVictrix/Momochi
75%
2019/25thRed Bull/Bonchan
75%
2013/2ndDM.MCZ/Xian
74.1%
2014/1stEG/Momochi
74.1%
2014/2ndRZR/Xian
74.1%
2014/9thBonchan
74.1%
2015/3rdRZR/Xian
74.1%
2015/17thEG/Momochi
74.1%
2015/25thRed Bull/Bonchan
74.1%
2015/25thNemo
74.1%
2016/9thRZR/Xian
74.1%
2016/17thEG/Momochi
74.1%
2016/25thTokido
74.1%
2017/2ndEcho Fox/Tokido
74.1%
2017/3rdAlienware/Nemo
74.1%
2017/9thEcho Fox/Momochi
74.1%
2017/9thRed Bull/Bonchan
74.1%
2017/13thTeam Razer/Xian
74.1%
2018/4thRAZER/Xian
74.1%
2018/5thRed Bull/Bonchan
74.1%
2018/7thMomochi
74.1%
2018/13thEcho Fox/Tokido
74.1%
2018/25thLIQUID/Nemo
74.1%
2014/3rdMD/Luffy
72.4%
2015/9thMD/Luffy
72.4%
2016/9thRB/Luffy
72.4%
2017/9thMethod/Luffy
72.4%
2018/17thBKJ/Luffy
72.4%
2019/5thRohto Z!/Tokido
71.9%
2013/1stHORI/Sako
70.7%
2013/3rdRZR/Fuudo
70.7%
2014/7thRZR/Fuudo
70.7%
2015/7thRZR/Infiltration
70.7%
2015/17thRZR/Fuudo
70.7%
2016/5thRZR/Fuudo
70.7%
2016/17thHORI/Sako
70.7%
2016/25thRZR/Infiltration
70.7%
2017/1stRise Nation/MenaRD
70.7%
2017/13thFuudo
70.7%
2018/17thCYG BST/Fuudo
70.7%
2018/17thRISE/MenaRD
70.7%
2014/4thInfiltration
69%
2014/9thCRS/NuckleDu
69%
2015/13thLiquid/NuckleDu
69%
2016/1stLiquid/NuckleDu
69%
2018/13thGHOST/NuckleDu
69%
2018/13thReciprocity/Punk
69%
2019/2ndReciprocity/Punk
68.8%
2019/7thLIQUID/Nemo
68.8%
Year/Place Answer % Correct
2019/9thRAZER/Xian
68.8%
2019/13thGO/Luffy
68.8%
2019/17thRise Nation/Smug
68.8%
2017/9thPanda Global/Punk
67.2%
2017/17thCygames Beast/Snake Eyez
67.2%
2017/17thSCARZ/sako
67.2%
2018/17thFAV/Sako
67.2%
2019/5thCYG BST/Fuudo
65.6%
2014/13thSnakeEyez
65.5%
2015/5thRB/Snake Eyez
65.5%
2014/5thEG/PR Balrog
63.8%
2014/9thEG/Ricky Ortiz
63.8%
2015/9thItabashi Zangief
63.8%
2015/13thMCZ/Mago
63.8%
2016/2ndEG/Ricki Ortiz
63.8%
2016/17thMago
63.8%
2017/5thDetonatioN Gaming/Itabashi Zangief
63.8%
2017/17thMago
63.8%
2017/25thEvil Geniuses/Ricki Ortiz
63.8%
2018/2ndDetonation/Itabashi Zangief
63.8%
2018/17thMago
63.8%
2019/17thFAV/Sako
62.5%
2019/17thNuckleDu
62.5%
2015/17thKIG/Problem X
62.1%
2016/9thBX3/Phenom
62.1%
2017/25thBX3 eSports Club/Phenom
62.1%
2018/17thNVD/Phenom
62.1%
2016/25thPxP/Problem X
60.3%
2017/7thmousesports/Problem X
60.3%
2017/25thRise Nation/Smug
60.3%
2018/9thMOUSESPORTS/Problem X
60.3%
2019/4thMago
59.4%
2014/5thDIG/Ryan Hart
58.6%
2016/25thRyan Hart
58.6%
2017/13thAllegiance/801 Strider
58.6%
2017/25thNASR eSports/Big Bird
58.6%
2018/9thCYG BST/Chris T
58.6%
2018/25thNASR/Big Bird
58.6%
2013/7thAGE/NYChrisG
56.9%
2015/25thWFX/801 Strider
56.9%
2016/7thYD/Yukadon
56.9%
2016/25thDNL/Chris Tatarian
56.9%
2017/5thYOUDEAL/Yukadon
56.9%
2018/3rdFUDOH/Fujimura
56.9%
2018/9thRISE/Caba
56.9%
2019/1stiDom
56.3%
2019/3rdNordavind/Phenom
56.3%
2019/9thMOUSESPORTS/Problem X
56.3%
2019/25thSonicBoxx/801 Strider
56.3%
2015/1stKazunoko
55.2%
2016/3rdGGP/Kazunoko
55.2%
2017/17thTeam Godsgarden/Kazunoko
55.2%
2018/7thNASR/AngryBird
55.2%
2015/13thAVM/GamerBee
53.4%
2016/13thPG/Filipino Champ
53.4%
2016/17thZW/GamerBee
53.4%
2016/17thEG/K-Brad
53.4%
2019/17thNASR/AngryBird
53.1%
2019/17thNASR/Big Bird
53.1%
2019/25thFUDOH/Fujimura
53.1%
2017/17thgachikun
51.7%
2018/1stRed Bull/Gachikun
51.7%
Year/Place Answer % Correct
2015/9thCCG/HumanBomb
48.3%
2016/13thMD/Mister Crimson
48.3%
2016/17thHuomaoTV/HumanBomb
48.3%
2017/25thZowie/Oil King
48.3%
2018/25thUYU/Oil King
48.3%
2019/17thRed Bull/Gachikun
46.9%
2015/4th/r/Kappa/Poongko
46.6%
2016/17thWFX/Samurai
46.6%
2018/9thATLAS BEAR/StormKUBO
46.6%
2018/17thUYU/NL
46.6%
2015/17thQanba.Douyu/Xiao Hai
44.8%
2016/9thQanba/Xiao Hai
44.8%
2018/13thQANBA DOUYU/Xiao Hai
44.8%
2018/25thCJ Truth
44.8%
2019/13thCYG BST/Infexious
43.8%
2019/25thCYCLOPS athlete gaming/Dogura
43.8%
2019/25thAZ/kichipa-mu
43.8%
2013/4thHaitani
43.1%
2016/4thYD.MJS/Haitani
43.1%
2017/17thCYCLOPS athlete gaming/Dogura
43.1%
2017/25thYOUDEAL/Haitani
43.1%
2018/17thFUDOH/Haitani
43.1%
2018/25thRAPTOR/Pikoro
43.1%
2019/13thTalon/HotDog29
40.6%
2019/13thmoke
40.6%
2013/7thBCN-esports/Alioune
39.7%
2016/7thCO/Go1
39.7%
2016/25thF3/Brolynho
39.7%
2017/17thCYCLOPS athlete gaming/Go1
39.7%
2017/25thFlipSid3 Tactics/Brolynho
39.7%
2016/17thGAM/DR Ray
37.9%
2017/13thAA Games Pro Team/DidimoKOF
37.9%
2019/9thUYU/Oil King
37.5%
2019/9thLIQUID/John Takeuchi
37.5%
2019/25thZenith
37.5%
2019/25thUYU/NL
37.5%
2015/25thDark Jiewa
34.5%
2019/7thYOG/Machabo
34.4%
2017/4thPONOS/moke
32.8%
2019/25thUYU/JB
31.3%
2015/17thYP/Valmaster
29.3%
2015/25thRZR/RB
29.3%
2017/25thG FUEL/Verloren
29.3%
2018/25thFURSAN/Verloren
29.3%
2014/7thGL/Valmaster
27.6%
2016/5thMOV
27.6%
2013/5thDM.MCZ/Gackt
25.9%
2015/25thYOMI/Dieminion
25.9%
2015/25thRZR/Gackt
25.9%
2018/25thZJZ
20.7%
2014/13thCNB/ChuChu
15.5%
2015/5th/r/Kappa/Misse
15.5%
2015/7thFGCBR/Keoma
15.5%
2016/13thGW/Eita
15.5%
2015/13thYBK/Shiro
10.3%
2015/17thMF/Tonpy
10.3%
2016/25thFOX/Julio Fuentes
10.3%
2014/13thNISHIKIN
8.6%
2015/17thQanba.Douyu/Dakou
6.9%
2015/17thYBK/Dashio
6.9%

You're not logged in!

Compare scores with friends on all Sporcle quizzes.
OR
Log In

From the Vault

Bertie Bott's Flavors

by Ben

On your way to the new Harry Potter movie tonight, be sure to pick up a bag of these jelly beans, just try not to cry out during the movie when you get some of the less unsavory flavors.
Remove Ads.
Support Sporcle.
Get the best of Sporcle when you Go Orange. This ad-free experience offers more features, more stats, and more fun while also helping to support Sporcle. Thank you for becoming a member.

Show Comments

Extras

Created Jul 16, 2019SourceReportNominateIcon Source: ESPN
Tags:capcom, esports, Street Fighter

Top Quizzes Today


Score Distribution

Your Account Isn't Verified!

In order to create a playlist on Sporcle, you need to verify the email address you used during registration. Go to your Sporcle Settings to finish the process.

Report this User

Report this user for behavior that violates our Community Guidelines.

Details: